| 000 | 00379nam a2200145Ia 4500 | ||
|---|---|---|---|
| 008 | 210210b1974 xxu||||| |||| 00| 0 eng d | ||
| 082 | _a332 HALM | ||
| 100 | _aHALAYYA (M). | ||
| 245 | _aMoney, banking & international trade. | ||
| 260 |
_aBelgaum _bG I B College _c1974 |
||
| 300 | _a425 | ||
| 650 | _aMoney Banking International Trad | ||
| 690 | _aBankin | ||
| 906 | _aSG0075 | ||
| 999 |
_c112314 _d112314 |
||